All Oceania 10k Cities - Statistics

General Stats
  • This quiz has been taken 44 times
  • The average score is 40 of 217
Answers on the Map
Answers color-coded by a green-red scale on the quiz's map according to % correct below.
 
Answer Stats
Country Population Answer % Correct
New Zealand 1,440,300 Auckland
88%
Australia 490,181 Canberra
88%
Australia 4,585,537 Melbourne
88%
Australia 4,698,656 Sydney
88%
New Zealand 212,000 Wellington
88%
Australia 2,287,896 Brisbane
83%
Australia 2,043,762 Perth
83%
Australia 1,245,011 Adelaide
75%
Australia 122,207 Darwin
75%
Fiji 185,913 Suva
75%
Australia 197,451 Hobart
71%
Papua New Guinea 364,125 Port Moresby
71%
Australia 24,855 Alice Springs
67%
Vanuatu 49,528 Port Vila
67%
New Zealand 377,900 Christchurch
63%
Australia 671,386 Gold Coast
63%
Solomon Islands 130,176 Honiara
63%
Samoa 35,974 Apia
54%
Tonga 21,185 Nuku'alofa
54%
Australia 348,539 Newcastle
50%
Australia 153,181 Cairns
46%
New Zealand 179,900 Hamilton
46%
Australia 284,131 Sunshine Coast
46%
Papua New Guinea 148,934 Lae
42%
New Caledonia 94,285 Nouméa
42%
Australia 173,724 Townsville
42%
New Zealand 102,400 Dunedin
38%
New Zealand 15,800 Queenstown
38%
Australia 49,686 Wagga Wagga
38%
Australia 325,255 Central Coast
33%
French Polynesia 26,654 Papeete
33%
Australia 280,153 Wollongong
33%
Fiji 15,846 Ba
29%
Australia 180,239 Geelong
29%
New Zealand 111,500 Lower Hutt
29%
New Zealand 66,800 Napier
29%
New Zealand 50,800 Nelson
29%
Australia 105,348 Ballarat
25%
Australia 100,649 Bendigo
25%
New Zealand 50,400 Hastings
25%
Australia 80,943 Launceston
25%
Australia 80,455 Mackay
25%
Fiji 71,048 Nadi
25%
New Zealand 158,300 Tauranga
25%
Australia 108,398 Toowoomba
25%
Kiribati 18,429 Betio
21%
Australia 14,660 Broome
21%
Fiji 71,573 Lautoka
21%
New Zealand 58,500 New Plymouth
21%
New Zealand 81,200 Palmerston North
21%
Australia 63,151 Rockhampton
21%
New Zealand 57,900 Rotorua
21%
New Zealand 44,800 Upper Hutt
21%
Micronesia 13,856 Weno
21%
Australia 31,128 Albany
17%
Australia 91,516 Albury
17%
New Zealand 29,000 Blenheim
17%
Australia 17,456 Broken Hill
17%
Australia 75,196 Bunbury
17%
Australia 52,370 Bundaberg
17%
Australia 24,591 Devonport
17%
Australia 10,218 Esperance
17%
French Polynesia 29,826 Faaa
17%
Australia 32,717 Geraldton
17%
Australia 10,999 Gisborne
17%
New Zealand 37,700 Gisborne
17%
New Zealand 49,800 Invercargill
17%
Australia 29,068 Kalgoorlie-Boulder
17%
Australia 89,597 Maitland
17%
Australia 38,052 Mildura
17%
Australia 17,936 Mount Isa
17%
Australia 40,127 Orange
17%
New Zealand 60,200 Porirua
17%
Australia 15,298 Port Hedland
17%
Australia 47,793 Port Macquarie
17%
Australia 49,862 Shepparton
17%
New Zealand 42,600 Whanganui
17%
New Zealand 54,900 Whangārei
17%
Australia 36,230 Bathurst
13%
Australia 27,233 Busselton
13%
Australia 10,538 Byron Bay
13%
Australia 10,577 Castlemaine
13%
Australia 12,348 Colac
13%
Australia 12,082 Dalby
13%
Australia 38,783 Dubbo
13%
Australia 14,089 Emerald
13%
Australia 34,703 Gladstone
13%
Australia 10,147 Kingaroy
13%
Fiji 26,601 Labasa
13%
New Zealand 19,050 Levin
13%
Australia 11,197 Lithgow
13%
Papua New Guinea 35,971 Madang
13%
Australia 76,346 Melton
13%
Australia 26,734 Mount Gambier
13%
Papua New Guinea 29,765 Mount Hagen
13%
Australia 10,901 Muswellbrook
13%
New Zealand 13,900 Oamaru
13%
Australia 12,788 Port Augusta
13%
Australia 10,450 Portland
13%
New Zealand 26,100 Taupō
13%
New Zealand 28,600 Timaru
13%
New Zealand 12,150 Wānaka
13%
Australia 20,880 Whyalla
13%
Australia 10,646 Airlie Beach
8%
Papua New Guinea 11,857 Alotau
8%
Australia 21,312 Armidale
8%
Australia 21,692 Bacchus Marsh
8%
Australia 13,734 Bairnsdale
8%
Australia 18,532 Ballina
8%
Australia 13,000 Bargara
8%
Australia 12,263 Batemans Bay
8%
Australia 30,049 Blue Mountains
8%
Australia 20,612 Bongaree
8%
Australia 23,762 Bowral
8%
Australia 20,267 Burnie
8%
New Zealand 21,600 Cambridge
8%
Australia 23,211 Cessnock
8%
Australia 51,069 Coffs Harbour
8%
Australia 14,764 Drouin
8%
New Caledonia 35,873 Dumbéa
8%
Australia 20,418 Echuca
8%
Australia 20,554 Forster
8%
Australia 28,562 Gawler
8%
Australia 23,963 Goulburn
8%
Australia 11,534 Gracemere
8%
Australia 17,155 Grafton
8%
Australia 20,799 Griffith
8%
Australia 19,435 Gympie
8%
New Zealand 10,400 Hāwera
8%
Australia 57,722 Hervey Bay
8%
Australia 10,259 Highfields
8%
Australia 16,289 Horsham
8%
Australia 17,013 Karratha
8%
Australia 11,073 Kempsey
8%
Australia 14,761 Kiama
8%
Papua New Guinea 22,923 Kimbe
8%
Australia 20,015 Kurri Kurri
8%
Australia 15,772 Lara
8%
Australia 12,319 Leopold
8%
Australia 27,916 Lismore
8%
Australia 22,237 Maryborough
8%
New Zealand 22,400 Masterton
8%
Australia 10,019 Medowie
8%
Australia 15,758 Moe
8%
Australia 22,150 Morisset
8%
Australia 14,068 Morwell
8%
New Zealand 14,500 Mosgiel
8%
Australia 21,554 Mount Barker
8%
Australia 11,563 Mudgee
8%
Australia 17,457 Murray Bridge
8%
Australia 20,918 Nambour
8%
Fiji 57,882 Nausori
8%
Australia 14,593 Nelson Bay
8%
Australia 33,583 Nowra
8%
Australia 22,035 Ocean Grove
8%
New Zealand 30,400 Paraparaumu
8%
French Polynesia 14,068 Pirae
8%
Australia 14,404 Port Lincoln
8%
Australia 13,708 Port Pirie
8%
French Polynesia 28,781 Punaauia
8%
New Zealand 19,700 Rangiora
8%
Australia 14,081 Raymond Terrace
8%
New Zealand 18,450 Richmond
8%
Australia 14,100 Sale
8%
Fiji 10,509 Sigatoka
8%
Australia 14,229 Singleton
8%
Australia 11,000 St Georges Basin
8%
Australia 38,010 Sunbury
8%
Australia 10,869 Swan Hill
8%
Australia 35,415 Tamworth
8%
Australia 18,110 Taree
8%
Australia 22,998 Torquay
8%
Australia 27,628 Traralgon
8%
Australia 14,396 Ulladulla
8%
Australia 12,723 Ulverstone
8%
Australia 16,709 Victor Harbor
8%
Australia 19,712 Wangaratta
8%
Australia 19,134 Warragul
8%
Australia 32,894 Warrnambool
8%
Australia 14,110 Warwick
8%
Papua New Guinea 37,825 Wewak
8%
New Zealand 16,700 Whakatāne
8%
Australia 11,009 Yanchep
8%
Australia 18,789 Yeppoon
8%
French Polynesia 10,322 Arue
4%
New Zealand 20,600 Ashburton
4%
Papua New Guinea 15,142 Daru
4%
Australia 16,199 Drysdale
4%
New Zealand 17,800 Feilding
4%
Papua New Guinea 22,830 Goroka
4%
New Zealand 15,100 Havelock North
4%
New Zealand 60,000 Hibiscus Coast
4%
New Zealand 13,400 Kaiapoi
4%
Papua New Guinea 10,981 Kiunga
4%
Fiji 24,637 Lami
4%
Vanuatu 18,062 Luganville
4%
Solomon Islands 15,560 Lungga
4%
French Polynesia 14,623 Mahina
4%
French Polynesia 12,756 Paea
4%
New Caledonia 24,563 Païta
4%
French Polynesia 11,743 Papara
4%
Papua New Guinea 12,600 Popondetta
4%
New Zealand 27,000 Pukekohe
4%
New Zealand 28,000 Rolleston
4%
Papua New Guinea 10,270 Tabubil
4%
Solomon Islands 24,592 Tandai
4%
New Zealand 13,550 Te Awamutu
4%
New Zealand 10,250 Te Puke
4%
New Zealand 14,500 Tokoroa
4%
Papua New Guinea 13,970 Vanimo
4%
New Zealand 13,700 Waikanae
4%
Australia 14,741 Wallan
4%
Australia 10,240 Yarrabilba
4%
Australia 10,969 Yarrawonga
4%
Australia 15,783 Crafers
0%
Papua New Guinea 10,833 Kundiawa
0%
New Caledonia 27,620 Le Mont-Dore
0%
No matching quizzes found
Score Distribution
Percent of People with Each Score
Percentile by Number Answered
Your Score History
You have not taken this quiz